Statistics for Guess the Taylor Swift song with no hint 47

Click here to take the quiz!

General Stats

  • This quiz has been taken 553 times
  • The average score is 421 of 496

Answer Stats

Answer% Correct
a
99%
I
99%
You
99%
you
99%
The
98%
the
98%
an
97%
and
96%
And
96%
it
96%
me
96%
to
96%
your
96%
when
95%
Do
94%
do
94%
in
94%
no
94%
on
94%
On
94%
where
94%
you're
94%
go
93%
what
93%
is
92%
that
92%
who
92%
I'm
91%
like
91%
not
91%
So
91%
so
91%
was
91%
all
90%
ha
90%
Ha
90%
know
90%
She
90%
she
90%
there
90%
There
90%
did
89%
think
89%
for
88%
it's
88%
say
88%
than
88%
hear
87%
wear
87%
better
86%
could
86%
Now
86%
of
86%
they
86%
Whoa
86%
whoa
86%
about
85%
but
85%
But
85%
him
85%
at
84%
don't
84%
had
84%
her
84%
just
84%
revenge
84%
thing
84%
with
84%
from
83%
never
83%
nothing
83%
oh
83%
Oh
83%
She's
83%
she's
83%
actress
82%
are
82%
does
82%
I'll
82%
right
82%
wanted
82%
have
81%
should
81%
took
81%
Cause
80%
corner
80%
faster
80%
got
80%
known
80%
saw
80%
stand
80%
things
80%
up
80%
would
80%
came
79%
ever
79%
how
79%
mattress
79%
saint
79%
Won't
79%
friends
78%
make
78%
people
78%
sabotage
78%
Stealing
78%
stealing
78%
summer
78%
along
77%
applause
77%
hot
77%
other
77%
story
77%
keep
76%
mind
76%
over
76%
starts
76%
toys
76%
coming
75%
get
75%
people's
75%
playground
75%
dealing
74%
didn't
74%
let's
74%
Let's
74%
many
74%
Or
74%
or
74%
alone
73%
gonna
73%
wanna
73%
down
72%
little
72%
looks
72%
find
71%
Soon
71%
time
71%
always
70%
drum
70%
last
70%
list
70%
name
70%
party
70%
underestimated
70%
beating
69%
doing
69%
thinks
69%
trend
69%
isn't
68%
much
68%
pain
68%
another
67%
dignity
67%
life
67%
might
67%
still
67%
amount
66%
eyes
66%
feel
66%
honey
66%
rhyme
66%
suspected
66%
vintage
66%
dresses
65%
gives
65%
troubling
65%
psycho
64%
school
64%
teach
64%
any
63%
haven't
63%
heard
63%
prep
63%
roll
63%
word
63%
frown
61%
pushing
61%
some
61%
Sophistication
61%
present
60%
show
58%
See
56%
nor
48%
deserve
46%
C'mon
27%

Score Distribution

Percentile by Number Answered

Percent of People with Each Score

Your Score History

You have not taken this quiz